| 000 | 00442nam a2200133 4500 | ||
|---|---|---|---|
| 999 |
_c14123 _d14123 |
||
| 008 | 190810b ||||| |||| 00| 0 eng d | ||
| 082 | _aDPer 050 T48 Apr-June 2016 v. 187 n. 12-24 | ||
| 100 |
_aGrossman, Lev. _939170 |
||
| 245 |
_aIn his new novel, Don DeLillo dances with death/ _cLev Grossman. |
||
| 260 |
_aHong Kong: _bTime Asia, _cc2016. |
||
| 300 |
_av187 n18, page 46: _billustrations; _c27 cm. |
||
| 650 | _2Fiction. | ||
| 942 |
_2ddc _cPER |
||